| 000 | 01173cam a2200313 i 4500 | ||
|---|---|---|---|
| 001 | 18325 | ||
| 003 | Mx-PuUPA | ||
| 005 | 20260309110120.0 | ||
| 008 | 140415s2009 mx a gr 000 0 spa d | ||
| 040 |
_cMx-PuUPA _aMx-PuUPA _bspa _dMx-PuUPA _erda |
||
| 041 | 0 | _aspa | |
| 043 | _an-mx--- | ||
| 100 | 1 |
_aOlguín Castro, Alma Guadalupe, _917885 _eautor |
|
| 245 | 1 | 0 |
_aMuseo de la Basílica de Guadalupe : _bun acercamiento / _cAlma Guadalupe Olguín Castro |
| 264 | 1 |
_aMéxico, D.F. : _bMuseo de la Basílica de Guadalupe, _c©2009 |
|
| 300 |
_a26 páginas : _bilustraciones (a color) ; _c21 cm |
||
| 336 |
_2rdacontent _atexto _btxt |
||
| 336 |
_2rdacontent _aimagen fija _bsti |
||
| 337 |
_2rdamedia _asin medio _bn |
||
| 338 |
_2rdacarrier _avolumen _bnc |
||
| 500 | _a"Insigne y Nacional Basílica de Santa María de Guadalupe". -- Cubierta | ||
| 600 | 0 | 4 |
_aNuestra Señora de Guadalupe _xDevoción _zMéxico |
| 650 | 7 |
_2armarc _aArte mexicano |
|
| 650 | 7 |
_2armarc _aArte y simbolismo cristiano _zMéxico |
|
| 650 | 7 |
_2armarc _aVirgen María en el arte |
|
| 942 |
_2ddc _cLI _h704.94820972 _iO45 |
||
| 999 |
_c18325 _d18325 |
||